[Event "Victoria op"]
[Site "Melbourne"]
[Date "2018.06.10"]
[Round "5"]
[White "Zou, Brendan"]
[Black "Plaganyi, Gyula"]
[Result "1/2-1/2"]
[WhiteElo "1989"]
[BlackElo "1786"]
[PlyCount "64"]
[EventDate "2018.06.08"]
[EventType "swiss"]
[EventRounds "7"]
[EventCountry "AUS"]
[SourceTitle "CBM 184 Extra"]
[Source "ChessBase"]
[SourceDate "2018.06.28"]
[SourceVersion "1"]
[SourceVersionDate "2018.06.28"]
[SourceQuality "1"]

1. e4 c5 2. Nc3 g6 3. g3 Nc6 4. Bg2 Bg7 5. d3 d6 6. f4 Nf6 7. Nf3 Bg4 8. Be3 Nd4 9. h3 Bxf3 10. Bxf3 Nxf3+ 11. Qxf3 Qb6 12. Rb1 Qc6 13. 0-0 e6 14. Qf2 b6 15. e5 Nd5 16. Qf3 0-0-0 17. Nxd5 Qxd5 18. Qxd5 exd5 19. d4 Rhe8 20. Rbe1 Kd7 21. Re2 Kc6 22. Rfe1 f6 23. exd6 c4 24. Bd2 Rxe2 25. Rxe2 f5 26. c3 Kxd6 27. Kf2 b5 28. Kf3 Kd7 29. Be1 Re8 30. Rxe8 Kxe8 31. a3 Kf7 32. Bd2 h5 1/2-1/2

[Event "Oceania zt 3.6"]
[Site "Auckland"]
[Date "2017.01.15"]
[Round "2"]
[White "Plaganyi, Gyula"]
[Black "Mallari, Donato"]
[Result "0-1"]
[WhiteElo "1790"]
[BlackElo "2036"]
[PlyCount "82"]
[EventDate "2017.01.14"]
[EventType "swiss"]
[EventRounds "9"]
[EventCountry "NZL"]
[SourceTitle "CBM 176 Extra"]
[Source "ChessBase"]
[SourceDate "2017.03.02"]
[SourceVersion "1"]
[SourceVersionDate "2017.03.02"]
[SourceQuality "1"]

1. e4 c5 2. Nf3 Nc6 3. d3 g6 4. g3 Bg7 5. Bg2 d6 6. 0-0 Nf6 7. c3 0-0 8. Re1 e5 9. Nbd2 b5 10. a4 b4 11. c4 Bg4 12. h3 Be6 13. Nf1 Qc8 14. Kh2 Nd4 15. b3 Ne8 16. Ne3 a6 17. Nd5 Ra7 18. Nxd4 Bxd5 19. exd5 cxd4 20. Ra2 Nf6 21. f4 Nd7 22. fxe5 dxe5 23. Rf2 Nc5 24. h4 h6 25. Qc2 Qb8 26. Bf1 f5 27. Kg2 Raf7 28. Be2 e4 29. Bf4 Qd8 30. Bc1 g5 31. Bh5 Nxd3 32. Bxf7+ Rxf7 33. Rh1 f4 34. Rd2 Nc5 35. Rf2 d3 36. Qd1 f3+ 37. Kh3 Bd4 38. Rhf1 Qd7+ 39. Kh2 Qg4 40. Bb2 Bxf2 41. Rxf2 e3 0-1

[Event "Oceania zt 3.6"]
[Site "Auckland"]
[Date "2017.01.14"]
[Round "1"]
[White "Nakauchi, Gene"]
[Black "Plaganyi, Gyula"]
[Result "0-1"]
[WhiteElo "2238"]
[BlackElo "1790"]
[PlyCount "94"]
[EventDate "2017.01.14"]
[EventType "swiss"]
[EventRounds "9"]
[EventCountry "NZL"]
[SourceTitle "CBM 176 Extra"]
[Source "ChessBase"]
[SourceDate "2017.03.02"]
[SourceVersion "1"]
[SourceVersionDate "2017.03.02"]
[SourceQuality "1"]

1. e4 c5 2. Nf3 g6 3. d4 cxd4 4. Nxd4 Nc6 5. Nc3 Bg7 6. Be3 Nf6 7. Be2 0-0 8. Nb3 a5 9. a4 Nb4 10. 0-0 d5 11. e5 Ne4 12. Nxe4 dxe4 13. Qxd8 Rxd8 14. Bb6 Rd5 15. Bxa5 Rdxa5 16. Nxa5 Rxa5 17. Rad1 Be6 18. Rd8+ Bf8 19. Bb5 Nc6 20. Bxc6 bxc6 21. Ra1 f5 22. b4 Ra7 23. a5 Kf7 24. Rb8 Bg7 25. a6 Bxe5 26. Rb7 Ra8 27. Ra5 Bd6 28. Ra1 Bc4 29. a7 Ke6 30. h4 h5 31. Rd1 Bd5 32. g3 c5 33. Rxd5 Kxd5 34. b5 c4 35. Kf1 Kd4 36. Ke2 c3 37. f4 Kc4 38. b6 Kb5 39. Rxe7 Kxb6 40. Re6 Kc5 41. Rxg6 Rxa7 42. Rf6 Ra2 43. Ke3 Rxc2 44. Rxf5+ Kc4 45. Kxe4 Rg2 46. Kf3 Rb2 47. Rxh5 c2 0-1